Energy For The 21st Century (Record no. 1131)

MARC details
000 -LEADER
fixed length control field 00290nam a22001337a 4500
041 ## - LANGUAGE CODE
Language code of text/sound track or separate title ENG
100 ## - MAIN ENTRY--PERSONAL NAME
Personal name Nersesian .L.R
245 ## - TITLE STATEMENT
Title Energy For The 21st Century
250 ## - EDITION STATEMENT
Edition statement Second Ed
260 ## - PUBLICATION, DISTRIBUTION, ETC. (IMPRINT)
Place of publication, distribution, etc Delhi
Name of publisher, distributor, etc Yes Dee Pub
Date of publication, distribution, etc 2011
300 ## - PHYSICAL DESCRIPTION
Extent 400
650 ## - SUBJECT ADDED ENTRY--TOPICAL TERM
Topical term or geographic name as entry element EOES
856 ## - ELECTRONIC LOCATION AND ACCESS
Uniform Resource Identifier EOES ( 11 )
Holdings
Withdrawn status Lost status Source of classification or shelving scheme Damaged status Not for loan Home library Current library Shelving location Date acquired Cost, normal purchase price Total Checkouts Barcode Date last seen Price effective from Koha item type
    Dewey Decimal Classification     College of Agricultural Engineering and Technology, Dapoli , Library College of Agricultural Engineering and Technology, Dapoli , Library Book Cart 16/09/2021 595.00   005951 16/09/2021 16/09/2021 Books

Contact Us: College of Agricultural Engineering and Technology, Dapoli, Dist.- Ratnagiri
Website: https://dbskkv.org Email: caetlibrary2015@gmail.com